| LEADER | 01231nam a2200241 4500 | ||
|---|---|---|---|
| 082 | |a 807 |b L250TH | ||
| 100 | |a Lê Thị Ba | ||
| 245 | |a Vợ nhặt (Kim Lân) |c Lê Thị Ba | ||
| 260 | |a H. |b Giáo dục |c 2008 | ||
| 300 | |a 75 tr. |c 24 cm. | ||
| 520 | |a v.v... | ||
| 653 | |a Văn học | ||
| 653 | |a Ngữ văn | ||
| 653 | |a Lớp 12 | ||
| 653 | |a Dạy học | ||
| 653 | |a Học văn | ||
| 942 | |2 ddc |c STK0 | ||
| 999 | |c 9041 |d 9041 | ||
| 952 | |0 0 |1 0 |2 ddc |4 0 |6 807_000000000000000_L250TH |7 0 |8 800 |9 73916 |a qbu |b qbu |c D5 |d 2015-05-05 |g 13000 |o 807 L250TH |p 8670.c1 |r 0000-00-00 |w 2015-05-05 |y STK0 | ||
| 952 | |0 0 |1 0 |2 ddc |4 0 |6 807_000000000000000_L250TH |7 0 |8 800 |9 73917 |a qbu |b qbu |c D5 |d 2015-05-05 |g 13000 |l 1 |m 1 |o 807 L250TH |p 8670.c2 |r 2016-10-12 |s 2016-10-06 |w 2015-05-05 |y STK0 | ||
| 952 | |0 0 |1 0 |2 ddc |4 0 |6 807_000000000000000_L250TH |7 0 |8 800 |9 73918 |a qbu |b qbu |c D5 |d 2015-05-05 |g 13000 |o 807 L250TH |p 8670.c3 |r 0000-00-00 |w 2015-05-05 |y STK0 | ||
| 952 | |0 0 |1 0 |2 ddc |4 0 |6 807_000000000000000_L250TH |7 0 |8 800 |9 73919 |a qbu |b qbu |c D5 |d 2015-05-05 |g 13000 |o 807 L250TH |p 8670.c4 |r 0000-00-00 |w 2015-05-05 |y STK0 | ||
| 952 | |0 0 |1 0 |2 ddc |4 0 |6 807_000000000000000_L250TH |7 0 |8 800 |9 73920 |a qbu |b qbu |c D5 |d 2015-05-05 |g 13000 |l 1 |m 1 |o 807 L250TH |p 8670.c5 |r 2017-05-12 |s 2017-04-21 |w 2015-05-05 |y STK0 | ||